LEADER 00867nam0 2200253 450 001 000015793 005 20080904124542.0 100 $a20080904e19871612km-y0itay50------ba 101 0 $aita 102 $aIT 105 $ay-------001yy 200 1 $aVocabolario degli accademici della Crusca$fpresentazione del prof. Giovanni Nencioni 210 $aFirenze$cLe lettere$dstampa 1987 215 $a960, 105 p.$d35 cm 300 $aRistampa anastatica dell'ed.: In Venezia, appresso G. Alberti, 1612 300 $aEd. di 666 esempl. num 676 $a453$v20$9Lingua italiana. Dizionari 702 1$aNencioni,$bGiovanni 710 02$aAccademia della Crusca$0153262 801 0$aIT$bUNIPARTHENOPE$c20080904$gRICA$2UNIMARC 912 $a000015793 951 $a453/103$b31169$cNAVA1$d2008 996 $aVocabolario degli accademici della Crusca$9113882 997 $aUNIPARTHENOPE LEADER 00878nam a2200229 i 4500 001 991001686239707536 005 20020503124526.0 008 990416s1978 it ||| | ita 035 $ab10257585-39ule_inst 035 $aLE01282847$9ExL 040 $aDip.to Lingue$bita 100 1 $aEvola, Julius$0160627 245 10$aTre aspetti del problema ebraico :$bnel mondo spirituale, nel mondo culturale, nel mondo economico sociale /$cJulius Evola 260 $aPadova :$bEdizioni di AR,$c1978 300 $a68 p. ;$c17 cm. 650 4$aEbrei - Questione 907 $a.b10257585$b21-09-06$c27-06-02 912 $a991001686239707536 945 $aLE012 320.509 2 EVO$g1$i2012000008915$lle012$o-$pE0.00$q-$rl$s- $t0$u1$v0$w1$x0$y.i10308076$z27-06-02 996 $aTre aspetti del problema ebraico$9211123 997 $aUNISALENTO 998 $ale012$b01-01-99$cm$da $e-$fita$git $h0$i1